000 00334 a2200133 4500
001 89158
082 _a910.4 CHA
090 _c42108
_d42108
100 _aMula Baksh Chandio
245 _aGalian yaadnagar ki
_cMola Baksh
260 _aLahore
_bSange-e-Meel Publications
_c2010
300 _a180 p.
610 _abiography politician
942 _aCAE NUST
_k910.4 CHA
999 _c324231
_d324231